000 00604nam a2200169Ia 4500
005 20250423100437.0
008 250422s9999 xx 000 0 und d
020 _a9780194317238
050 _aPE 1460 .I35/
245 0 _aOxford idioms dictionary for learners of english
260 _aOxford, New York
260 _bOxford University Press
260 _c2010
300 _a470 p
650 _aİngiliz Dili_Deyimler_Sözlükler İngiliz Dili_Ders Kitapları_Yabancı Konuşmacılar için English language _ Idioms _ Dictionaries. English language _ Textbooks for foreign speakers.
942 _cBK
999 _c33322
_d33322